Financing cities in India: municipal reforms, fiscal accountability and urban infrastructure (Record no. 8853)

MARC details
000 -LEADER
fixed length control field 00564nam a2200181Ia 4500
020 ## - INTERNATIONAL STANDARD BOOK NUMBER
ISBN 9789351508755
082 ## - DEWEY DECIMAL CLASSIFICATION NUMBER
Classification number 330.91732 MOH-F
100 ## - MAIN ENTRY--AUTHOR NAME
Personal name Mohanty, Prasanna K.
245 #0 - TITLE STATEMENT
Title Financing cities in India: municipal reforms, fiscal accountability and urban infrastructure
260 ## - PUBLICATION, DISTRIBUTION, ETC. (IMPRINT)
Place of publication New Delhi
Name of publisher Sage Publications
Year of publication 2016
300 ## - PHYSICAL DESCRIPTION
Number of Pages xx, 307p
504 ## - BIBLIOGRAPHY, ETC. NOTE
Bibliography, etc includes index
650 ## - SUBJECT ADDED ENTRY--TOPICAL TERM
Topical Term Municipal finance
Form subdivision India
650 ## - SUBJECT ADDED ENTRY--TOPICAL TERM
Topical Term Municipal corporations
Form subdivision Taxation
Geographic subdivision India
650 ## - SUBJECT ADDED ENTRY--TOPICAL TERM
Topical Term Urbanisation
Form subdivision India
650 ## - SUBJECT ADDED ENTRY--TOPICAL TERM
Topical Term Municipal government
Form subdivision India
942 ## - ADDED ENTRY ELEMENTS (KOHA)
Koha item type Books
Holdings
Withdrawn status Lost status Damaged status Not for loan Home library Current library Date acquired Source of acquisition Bill Date Full call number Accession Number Price effective from Koha item type
        NASSDOC Library NASSDOC Library 27/03/2017 OP 2017-03-21 330.91732 MOH-F 49137 18/04/2019 Books